Historia 5 : la segunda mitad del siglo xx /
Guardado en:
| Autor Principal: | |
|---|---|
| Otros Autores: | , , , |
| Formato: | Libro |
| Publicado: |
Buenos Aires :
Estrada,
2011
|
| Series: | Huellas
|
| Materias: | |
| Etiquetas: |
Agregar Etiqueta
Sin Etiquetas, Sea el primero en etiquetar este registro!
|
| LEADER | 02306nam a22004095a 4500 | ||
|---|---|---|---|
| 001 | CEM.cems013699 | ||
| 008 | 130507s2011##################000#0#####d | ||
| 005 | 20241220111831.0 | ||
| 245 | 1 | 0 | |a Historia 5 : |b la segunda mitad del siglo xx / |c María Inés Tato y Otros; coordinación Del área de Ciencias Sociales Víctor Sabanés |
| 260 | |a Buenos Aires : |b Estrada, |c 2011 | ||
| 300 | |a 256 p. | ||
| 490 | 0 | |a Huellas | |
| 505 | 0 | |a Bloque 1: La guerra fría y las luchas anticoloniales -- La guerra fría -- La descolonización de Asia y Africa -- El legado de los a;os peronistas -- Bloque 2: La era del bienestar -- Los años del estado de bienestar -- América Latina ante un nuevo orden (1945-1965) -- La Argentina entre 1955 y 1966 -- Bloque 3: Tiempo de transformaciones -- Los años sesenta: una época de transformaciones -- La radicalización política en América Latina -- La Argentina entre 1966 y 1976 -- Bloque 4: La crisis del estado de bienestar y la caída del bloque soviético -- Neoliberalismo, dictaduras militares y retorno democrático en América latina -- Dictadura y retorno democrático en la Argentina -- Bloque 5: Un mundo globalizado -- El fin del orden mundial bipolar -- Retorno y consolidación de la democracia en América Latina - La Argentina reciente (1999-2011).- | |
| 020 | |a 9789500113571 | ||
| 100 | 1 | |a Tato, María Inés | |
| 700 | 1 | |a Bubello, Juan Pablo | |
| 700 | 1 | |a Castello, Ana María | |
| 700 | 1 | |a Campos, Esteban | |
| 700 | 1 | |a Sabanes, Víctor, coord. | |
| 082 | 0 | 4 | |a Z982.06 |
| 653 | |a Historia argentina 1945-2011 | ||
| 653 | |a Guerra fría | ||
| 653 | |a Revolución china | ||
| 653 | |a Guerra de corea | ||
| 653 | |a Descolonización de asia | ||
| 653 | |a Descolonización de africa | ||
| 653 | |a Terrorismo de estado | ||
| 653 | |a Revolución libertadora | ||
| 653 | |a Revolución argentina | ||
| 653 | |a Mayo francés | ||
| 653 | |a Guerrilla en américa | ||
| 653 | |a Montoneros | ||
| 653 | |a Gobierno de kirchner | ||
| 859 | |a CEMS |b BIB. CEMS - 11 de abril |h Z982.06 |i T188 |p 26416.12 |t Ej.2 |v 5 |3 5 | ||
| 859 | |a CEMS |b BIB. CEMS - 11 de abril |h Z982.06 |i T188 |p 26417.12 |t Ej.3 |v 5 |3 5 | ||
| 859 | |a CEMS |b BIB. CEMS - 11 de abril |h Z982.06 |i T188 |p 27507.18 |t Ej.4 |v 5 |3 5 | ||
| 859 | |a CEMS |b BIB. CEMS - 11 de abril |h Z982.06 |i T188 |p 27506.18 |t Ej.5 |v 5 |3 5 | ||
